Centroamérica: el conflicto en su fase actual
Gespeichert in:
| Format: | Text |
|---|---|
| Schlagworte: | |
| Tags: |
Tag hinzufügen
Keine Tags, Fügen Sie den ersten Tag hinzu!
|
MARC
| LEADER | 00000 a a2200000 04500 | ||
|---|---|---|---|
| 001 | 18118 | ||
| 003 | |||
| 040 | |||
| 245 | |a Centroamérica: |b el conflicto en su fase actual | ||
| 650 | |a CONFLICTOS | ||
| 650 | |a POLITICA | ||
| 650 | |a IZQUIERDA | ||
| 650 | |a CENTROAMERICA | ||
| 773 | |g volumen 7, número 39. (1983) Pàgina. 609 | ||
| 999 | |c 27576 |d 27576 | ||
| 773 | 0 | |0 42391 |9 4182 |a Agencia Latinoamericana de Información, ALAI |d Quito, Ecuador: ALAI |o 03904 |t ALAI: |x 08275564 (Servicio mensual de información y documentación) | |
